Podnikové systémy riadenia akosti výrobkov smery vývoja v 7. päťročnici

Na minha lista:
Detalhes bibliográficos
Formato: Livro
Idioma:eslovaco
Publicado em: Bratislava Dom techniky ČSVTS 1981
Tags: Adicionar Tag
Sem tags, seja o primeiro a adicionar uma tag!

MARC

LEADER 00000nam a2200000 4500
001 c126718
005 20041019155238.7
041 0 |a slo 
044 |a SK 
245 1 0 |a Podnikové systémy riadenia akosti výrobkov  |b smery vývoja v 7. päťročnici 
264 1 |a Bratislava  |b Dom techniky ČSVTS  |c 1981 
300 |a 104 s.